Statistics for Квиз о Јапану

Click here to take the quiz!

General Stats

  • This quiz has been taken 168 times
  • The average score is 12 of 24

Answer Stats

ОписОдговор% Correct
Главни градТокио
98%
Надимак ове државеЗемља
{излазећег} {Сунца}
91%
Државна валутаЈен
88%
Традиционалне религијеБудизам
70%
Највећа острваХокаидо
66%
Назив за јапанске стриповеМанга
66%
Највећа острваХоншу
65%
Највиша планинаФуџи
63%
Јапанска народна ношњаКимоно
58%
Алкохолно пиће које се прави од ферментисаног пиринчаСаке
58%
Други највећи градОсака
50%
Национални спортСумо рвање
45%
Традиционална хостеса и забављачицаГејша
45%
Највећа острваКјушу
44%
Војно племство прединдустријског ЈапанаСамураји
39%
Бивши главни градКјото
39%
Јапански назив за ЈапанНипон
37%
Најпопуларнији спортБејзбол
36%
Највећа острваШикоку
33%
Традиционалне религијеШинтоизам
32%
Назив за трешњин цветСакура
27%
Стари назив града изнадЕдо
20%
Најјужнија префектура, постојбина каратеаОкинава
15%
Град Кобе је чувен по овој храниГоведини
13%

Score Distribution

Percentile by Number Answered

Percent of People with Each Score

Your Score History

You have not taken this quiz